| 000 | 01453cam a22001934a 4500 | ||
|---|---|---|---|
| 005 | 20250605163944.0 | ||
| 008 | 250528s ||||||||||||||||||||||||d | ||
| 035 | _a15158 | ||
| 020 | _a534010385 | ||
| 040 |
_aGR-AtMCL _bgre _dGR-AtMCL _eAACR2 |
||
| 245 | 1 | _aEnvironment of International Business | |
| 260 |
_bKent Publishing, _c1982 |
||
| 300 | _a494 | ||
| 520 | _aThe Scope and Context of International Business, The Expanding Scope of International Business, The Environmental Context of International Business, International Trade, Economics of International Trade, National Control of International Trade, United States Trade Policy, Financial Environment of International Business, International Payments, The Balance of Payments, Transnational Dimensions of International Financial Environments, The Growth and Structure of Multinational Companies, Concepts and Growth of Multinational Companies, Conceptual Perspectives on Multinational Business Expansion, Business Stimuli for Multinational Business Expansions, Organization and Structure of MNCs, Foreign-Based Affiliates, Multinational Companies in World Society, MNCs and Home Societies, Environmental Dynamics: North-South Business Relations, The Business Environment in Developing Countries, Environmental Dynamics: East-West Business Relations, International Integration, Appendix, Index. | ||
| 700 | 1 |
_aKolde Jacob-Endel _91018 |
|
| 942 | _cBK | ||
| 999 |
_c752 _d752 |
||